000 003080000a22001090004500
090 _aAS
_bSeriadas
245 1 0 _aAportes a la flora de Colombia: estudios en compuestas II
041 0 _aEspañol
100 1 _aDíaz Piedrahita, Santiago
_995842
942 _cARTICULO
773 1 _tCaldasia
_345
_h53
_q19-25
_d1975
_g11
999 _c14456
_d14456